000
00214 a2200097 4500
001
19556
100
_a
Bhutto Z A
245
_a
Reshaping foreign policy (Vol-I)
260
_a
_b
Ferozsons
_c
090
_c
14279
_d
14279
942
_a
NUST-CAE
_c
M
_c
4757
999
_c
254629
_d
254629